| 000 | 00688nam a22001817a 4500 | ||
|---|---|---|---|
| 003 | BD-DhUL | ||
| 005 | 20170517175709.0 | ||
| 008 | 170517s1991 bg a|||| |||| 00| 0 eng | | ||
| 040 |
_aBD-DhUL _cBD-DhUL |
||
| 082 |
_a954.92 _bALB |
||
| 100 | 1 | _aআলী, মোবাশ্বের । | |
| 245 | 1 | 0 |
_aবাংলাদেশের সন্ধানে / _cমোবাশ্বের আলী । |
| 260 |
_aঢাকা : _bমুক্তধারা, _c১৯৯১ । |
||
| 300 |
_a২৫১ পৃ. : _c২২ সেমি । _bমানচিত্র ; |
||
| 650 | 0 | _aইতিহাস বাংলাদেশ । | |
| 650 | 0 | _aHistory-Bangladesh. | |
| 942 |
_2ddc _cBK |
||
| 999 |
_c199008 _d199008 |
||